New England Patriots Leaders by Year - Statistics

General Stats
  • This quiz has been taken 2,654 times
    305 since last reset
  • The average score is 17 of 39
Answer Stats
Year Player % Correct
2001, 2002, 2003, 2004, 2005, 2006, 2007, 2009, 2010, 2011, 2012, 2013, 2014, 2015, 2016, 2017, 2018, 2019 Tom Brady
100%
2024, 2025 Drake Maye
98%
2021, 2022, 2023 Mac Jones
91%
1995, 1996, 1997, 1998, 1999, 2000 Drew Bledsoe
87%
2020 Cam Newton
86%
2014, 2015, 2017 Rob Gronkowski
83%
2025 Stefon Diggs
82%
2013, 2016, 2018, 2019 Julian Edelman
81%
2007 Randy Moss
81%
2022, 2024 Rhamondre Stevenson
81%
2025 TreVeyon Henderson
77%
2008, 2009, 2010, 2011, 2012 Wes Welker
66%
2015, 2016 LeGarrette Blount
61%
2024 Hunter Henry
52%
2008 Matt Cassel
50%
2018, 2019 Sony Michel
50%
2023 Demario Douglas
45%
2021 Damien Harris
43%
2003, 2005 Deion Branch
41%
2020, 2021, 2022 Jakobi Meyers
36%
1995, 1996, 1997 Curtis Martin
35%
2001, 2002 Troy Brown
35%
2004, 2005, 2006 Corey Dillon
32%
2023 Ezekiel Elliott
31%
2017 Dion Lewis
29%
2000 Kevin Faulk
28%
2001, 2002, 2003 Antowain Smith
26%
2012, 2013 Stevan Ridley
25%
2010, 2011 BenJarvus Green-Ellis
18%
2007, 2009 Laurence Maroney
18%
1996, 1998, 1999, 2000 Terry Glenn
15%
2014 Jonas Gray
14%
2004 David Givens
12%
2006 Reche Caldwell
6%
1998 Robert Edwards
6%
2008 Sammy Morris
6%
1999 Terry Allen
4%
1997 Shawn Jefferson
3%
1995 Vincent Brisby
2%
No matching quizzes found
Score Distribution
Percent of People with Each Score
Percentile by Number Answered
Your Score History
You have not taken this quiz since the last reset